00466nam a22001695i 4500001000700000003000900007005001700016008004100033080001300074100002500087245005600112250001500168260005100183300002100234650001800255852002300273171703ES-MaACL20230906214714.0090526s1971 sp |||| | spa d a929(100)1 aSoler Amoros, Pedro.10aSiete apuntes biográficos / cPedro Soler Amoros. a[1ª ed.]. a[Alicante : bs.n., c1971] (fGráf. Cirilo) a89 p. ; c21 cm. 4aBiografías. aES-MaACLjC-42404